Sports Quiz

Random Sports Quiz

Most hits by Royals players in the 1980s Quiz Stats

 Plays Quiz not verified by Sporcle

Score 0/25 Timer 10:00
0 Plays Today
Hint Answer % Correct
1,446 hitsGeorge Brett
100%
1,333 hitsFrank White
97.2%
1,639 hitsWillie Wilson
95%
882 hitsHal McRae
83.6%
459 hitsSteve Balboni
83.3%
428 hitsAmos Otis
79.1%
350 hitsBo Jackson
76%
576 hitsKevin Seitzer
72.7%
437 hitsDanny Tartabull
63.8%
507 hitsJohn Wathan
57.4%
181 hitsJim Sundberg
55.2%
303 hitsLonnie Smith
52.9%
519 hitsUL Washington
51.5%
Hint Answer % Correct
499 hitsWillie Aikens
46.2%
322 hitsDarryl Motley
45.1%
302 hitsJorge Orta
42.3%
268 hitsJamie Quirk
37.9%
236 hitsKurt Stillwell
36.8%
248 hitsOnix Concepcion
35.9%
273 hitsPat Sheridan
32.9%
208 hitsJim Eisenreich
29.2%
194 hitsPat Tabler
24.5%
181 hitsGreg Pryor
21.4%
226 hitsDon Slaught
17%
152 hitsJerry Martin
16.7%

You're not logged in!

Compare scores with friends on all Sporcle quizzes.
OR
Log In

Sporcle TV

Today on Sporcle TV


Watch our educational content, quiz creation guides, and fun videos on Sporcle TV.

Show Comments

Extras

Created Aug 24, 2017ReportNominate
Tags:1980, hit, player, royal

Top Quizzes Today


Score Distribution

Your Account Isn't Verified!

In order to create a playlist on Sporcle, you need to verify the email address you used during registration. Go to your Sporcle Settings to finish the process.

Report this User

Report this user for behavior that violates our Community Guidelines.

Details: